Premiéra divadelného experimentu

Bibliographic Details
Main Author: Urbančíková, Lýdia, 1942- (Author)
Format: Article
Language:Slovak
Subjects:

MARC

LEADER 00000nab a2200000 ar4500
001 vtls009523802
003 SK-MaSNL
005 20260303180549.0
008 090609c19871201xo ||||||||||||00 ||slo
015 |a SNBRB2009/06  |2 snkbucl 
038 |a SNKBUCL 
040 |a SNKBUCL  |b slo  |c SNKBUCL  |e AACR2 
041 0 |a slo 
044 |a xo  |c SK 
080 |a 792.5  |2 2001 
100 1 |a Urbančíková, Lýdia,  |d 1942-  |4 aut  |9 26881 
245 1 0 |a Premiéra divadelného experimentu  |c Lýdia Urbančíková 
600 1 7 |a Štedroň, Miloš,  |d 1942-  |t Chameleón  |2 snkbucl  |9 1206505 
600 1 7 |a Kundera, Ludvík,  |d 1920-2010  |t Chameleón  |2 snkbucl  |9 1206506 
610 2 7 |a Štátne divadlo Košice.  |b Činohra  |2 snkbucl  |9 125502 
610 2 7 |a Štátne divadlo Košice.  |b Štúdio Smer  |2 snkbucl  |9 31963 
650 0 7 |a hudobné komédie  |2 snkbucl  |9 316769 
650 0 7 |a divadelné inscenácie  |2 snkbucl  |9 3326 
655 7 |a recenzie  |2 snkbucl  |9 21907 
773 0 |t Pravda  |g Roč. 68, (1.12.1987), s. 5 
852 |a SNK  |b KIS3GCP 
999 |c 2106813  |d 2108743